Những mẫu chuyện lịch sử T.1

保存先:
書誌詳細
第一著者: Nguyễn Quốc Vượng
その他の著者: Nguyễn Cao Lũy
フォーマット: 図書
言語:Vietnamese
出版事項: H. Giáo Dục 1976
主題:
タグ: タグ追加
タグなし, このレコードへの初めてのタグを付けませんか!
Thư viện lưu trữ: Trung tâm Học liệu Lê Vũ Hùng, Trường Đại học Đồng Tháp
LEADER 00887pam a22002298a 4500
001 00023006
005 20171026081022.0
008 110608s1976 ||||||viesd
041 0 # |a vie 
082 1 4 |a 959.7  |b NH556M 
100 0 # |a Nguyễn Quốc Vượng 
245 0 0 |a Những mẫu chuyện lịch sử  |c Nguyễn Quốc Vượng,Nguyễn Cao Lũy  |n T.1 
260 # # |a H.  |b Giáo Dục  |c 1976 
300 # # |a 166tr.  |c 19cm. 
653 # # |a lịch sử Việt Nam 
653 # # |a nhân vật lịch sử 
700 0 # |a Nguyễn Cao Lũy 
852 # # |b Kho mượn  |j KM.0004818, KM.0004460, KM.0004384, KM.0004422, KM.0002930 
852 # # |b Kho đọc  |j KD.0009867 
852 # # |j KM.0004818  |j KM.0004460  |j KM.0004384  |j KM.0004422  |j KD.0009867  |j KM.0002930 
910 |d 08/06/2011 
980 # # |a Trung tâm Học liệu Lê Vũ Hùng, Trường Đại học Đồng Tháp